Basics of Game Design

Saved in:
Bibliographic Details
Main Author: Michael Moore
Format: Book
Published: CRC/Star
Subjects:
Tags: Add Tag
No Tags, Be the first to tag this record!

MARC

LEADER 00000nam a2200000Ia 4500
005 20260427112718.0
526 |b Immersive Arts 
100 |a Michael Moore 
020 |a 9781118609637 
650 |a Game Design 
526 |a Masters 
942 |c BK 
245 |a Basics of Game Design 
260 |b CRC/Star 
999 |c 99  |d 99 
952 |0 0  |1 0  |4 0  |7 0  |8 4  |a BRISTOL  |b BRISTOL  |d 2026-04-22  |l 0  |p 000121  |r 2026-04-27 11:27:18  |w 2026-04-27  |y BK